Oceňovanie a zdaňovanie podnikových kombinácií
Právne aspekty vzniku podnikových kombinácií. Zlúčenie, splynutie, rozdelenie a cezhraničné zlúčenie alebo splynutie spoločností. Daňové aspekty vzniku podnikových kombinácií. Oceňovanie podnikových kombinácií v pôvodných hodnotách. Oceňovanie podnikových kombinácií v reálnych hodnotách. Cezhraničné...
Saved in:
| Main Author: | |
|---|---|
| Format: | Book Chapter |
| Language: | Slovak |
| Subjects: | |
| Tags: |
No Tags, Be the first to tag this record!
|
MARC
| LEADER | 00000nla$a2200000$$$4500 | ||
|---|---|---|---|
| 001 | 0142442 | ||
| 005 | 20240502072543.3 | ||
| 041 | 0 | |a slo | |
| 044 | |a SK | ||
| 245 | 1 | 0 | |a Oceňovanie a zdaňovanie podnikových kombinácií |c Anna Harumová |
| 520 | |a Právne aspekty vzniku podnikových kombinácií. Zlúčenie, splynutie, rozdelenie a cezhraničné zlúčenie alebo splynutie spoločností. Daňové aspekty vzniku podnikových kombinácií. Oceňovanie podnikových kombinácií v pôvodných hodnotách. Oceňovanie podnikových kombinácií v reálnych hodnotách. Cezhraničné zlúčenie, splynutie alebo rozdelenie spoločností. | ||
| 610 | 2 | 0 | |a oceňovanie |
| 610 | 2 | 0 | |a ohodnocovanie podniku |
| 610 | 2 | 0 | |a zdaňovanie |
| 610 | 2 | 0 | |a kombinácie podnikové |
| 610 | 2 | 0 | |a zlučovanie podnikov |
| 610 | 2 | 0 | |a rozdelenie podniku |
| 610 | 2 | 0 | |a legislatíva |
| 100 | 1 | |a Harumová, Anna, 1955- | |